|
|
|
|
| LEADER |
00000nam0a2200000 4500 |
| 001 |
90395 |
| 005 |
20231031103458.0 |
| 035 |
|
|
|a (RuTPU)RU\TPU\book\96935
|
| 090 |
|
|
|a 90395
|
| 100 |
|
|
|a 20060208d1963 km y0rusy50 ca
|
| 101 |
0 |
|
|a rus
|
| 102 |
|
|
|a RU
|
| 105 |
|
|
|a a z 001zy
|
| 200 |
1 |
|
|a Термодинамические циклы атомных электростанций
|f Д. Д. Калафати
|
| 210 |
|
|
|a Москва
|a Ленинград
|c Государственное энергетическое изд-во
|d 1963
|
| 215 |
|
|
|a 280 с.
|c ил.
|
| 320 |
|
|
|a Библиогр.: с. 276-280.
|
| 610 |
1 |
|
|a атомные электрические станции
|
| 610 |
1 |
|
|a технологические схемы
|
| 610 |
1 |
|
|a ядерные энергетические установки
|
| 610 |
1 |
|
|a тепловые циклы
|
| 610 |
1 |
|
|a условия работы
|
| 610 |
1 |
|
|a парогенераторы
|
| 610 |
1 |
|
|a конденсаторы
|
| 610 |
1 |
|
|a теплоносители
|
| 675 |
|
|
|a 621.311.25
|v 3
|
| 700 |
|
1 |
|a Калафати
|b Д. Д.
|g Дмитрий Дмитриевич
|
| 801 |
|
1 |
|a RU
|b 63413507
|c 20060208
|g PSBO
|
| 801 |
|
2 |
|a RU
|b 63413507
|c 20201129
|g PSBO
|
| 900 |
|
|
|a Энергооборудование ядерных энергетических установок
|
| 942 |
|
|
|c BK
|